Los que hicieron nuestro cine, 5 : (Record no. 32864)
[ view plain ]
| 000 -CABECERA | |
|---|---|
| campo de control de longitud fija | 01302nam a2200193 a 4500 |
| 005 - FECHA Y HORA DE LA ÚLTIMA TRANSACCIÓN | |
| campo de control | 20250926063855.0 |
| 008 - ELEMENTOS DE LONGITUD FIJA--INFORMACIÓN GENERAL | |
| campo de control de longitud fija | 991125n197 [me 000 0 spa u |
| 035 ## - NÚMERO DE CONTROL DEL SISTEMA | |
| Número de control de sistema | UPN01000032864 |
| 049 ## - COLECCIÓN | |
| Colección | AV |
| 099 ## - CLASIFICACIÓN LOCAL | |
| Clasificación local | PVI P 0490 |
| 245 00 - MENCIÓN DE TÍTULO | |
| Título | Los que hicieron nuestro cine, 5 : |
| Resto del título | Ismael Rodríguez y la comedia ranchera. |
| 260 ## - PUBLICACIÓN, DISTRIBUCIÓN, ETC. | |
| Lugar de publicación, distribución, etc. | [México] : |
| Nombre del editor, distribuidor, etc. | UTEC, |
| Fecha de publicación, distribución, etc. | [197-]. |
| 300 ## - DESCRIPCIÓN FÍSICA | |
| Extensión | 1 videocasete (VHS) (27 min.) : |
| Otras características físicas | son., b y n. |
| 520 ## - NOTA DE RESUMEN, ETC. | |
| Sumario, etc. | Ismael Rodríguez retoma el género de la comedia ranchera yen 1945 dirige "Cuando lloran los valientes", en 1946 "Lostres García" y con esta película y la continuación "Vuelven los García" revitaliza este género y es el inicio de la mancuerna Ismael Rodríguez y Pedro Infante y con ellos una cadena de éxitos. Incluye comentarios de Roberto Rodríguez (director y productor), Ismael Rodríguez (director y productor), Tito Guízar(actor), Joselito Rodríguez (director y productor), Pedro de Urdimalas (escritor), Víctor Manuel Mendoza (actor), Evita Muñoz "Chachita" (actriz), José Luis Cuevas (pintor), Manuel Esperón (compositor), Irma Dorantes (actriz) |
| 501 ## - NOTA DE "CON" | |
| Nota de “Con” | Con: La barraca -- El año de campeón sin corona -- Enamorada |
| 650 #4 - ASIENTO SECUNDARIO DE MATERIA - TERMINO TEMATICO | |
| Término de materia o nombre geográfico como elemento de entrada | Cinematografía |
| 9 (RLIN) | 2549 |
| 650 #4 - ASIENTO SECUNDARIO DE MATERIA - TERMINO TEMATICO | |
| Término de materia o nombre geográfico como elemento de entrada | Cinematografía |
| Subdivisión geográfica | México |
| Subdivisión general | Historia |
| 9 (RLIN) | 8623 |
| 905 ## - TIPO DE MATERIAL | |
| Tipo de material | Audiovisuales |
| Estado de retiro | Estado de pérdida | Fuente del sistema de clasificación o colocación | Estado dañado | No para préstamo | Código de colección | Localización permanente | Ubicación/localización actual | Ubicación en estantería | Enumeración/cronología de publicación seriada | Total de préstamos | Código de barras | Fecha visto por última vez | Número de copia | Tipo de ítem Koha |
|---|---|---|---|---|---|---|---|---|---|---|---|---|---|---|
| Library of Congress Classification | Audiovisuales | Bib. Gregorio Torres Quintero | Bib. Gregorio Torres Quintero | Audiovisual | - | 0490bPVI | 31/12/2020 | 1 | Libro |
